Top 100 des personnages de manga les plus populaires - Statistiques

Statistiques générales
  • Ce quiz a été pris 2 034 fois
  • Le résultat moyen est 33 sur 100
Statistiques - réponses
Manga/Animé Vote Personnage % Correct
Death Note 125,780 Lawliet L
99%
One Piece 136,329 Monkey D. Luffy
97%
Naruto 83,481 Uzumaki Naruto
96%
Attaque des Titans 69,193 Yeager Eren
95%
One Piece 108,445 Roronoa Zoro
90%
Hunter X Hunter 21,433 Freecs Gon
89%
Naruto 28,736 Uchiha Sasuke
89%
Attaque des Titans 54,528 Ackerman Mikasa
83%
Dragon Ball 27,304 Son Goku
78%
Death Note 95,567 Yagami Light
76%
One Punch Man 47,338 Saitama
75%
Naruto 47,271 Hatake Kakashi
71%
Attaque des Titans 20,421 Arlet Armin
69%
Jujutsu Kaisen 57,590 Gojo Satoru
69%
My Hero Academia 25,542 Midoriya Izuku
68%
One Piece 30,858 Sanji
68%
Naruto 64,694 Uchiha Itachi
64%
Dragon Ball 19,689 Vegeta
64%
My Hero Academia 22,632 Bakugo Katsuki
63%
Tokyo Ghoul 50,837 Kaneki Ken
63%
Fairy Tail 22,460 Dragnir Natsu
60%
Demon Slayer 24,909 Kamado Tanjiro
60%
Code Geass 167,703 Lamperouge Lelouch
60%
Hunter X Hunter 95,326 Zoldyck Killua
59%
Full Metal Alchemist 87,000 Elric Edward
57%
Berserk 79,834 Guts
56%
Darling in the FranXx 28,129 Ichigo
56%
Bleach 33,414 Kurosaki Ichigo
56%
Hunter X Hunter 35,178 Morrow Hisoka
56%
Hunter X Hunter 23,438 Kurapika
55%
Attaque des Titans 139,935 Levi
50%
My Hero Academia 25,638 Todoroki Shoto
50%
One Piece 20,749 Nico Robin
49%
Attaque des Titans 26,420 Smith Erwin
47%
Sword Art Online 40,168 Kirigaya Kazuto
41%
Assassination Classroom 19,673 Koro-senseï
40%
Neon Genesis Evangelion 19,448 Ayanami Rei
38%
Dr. Stone 22,000 Ishigami Senku
38%
Jojo's Bizarre Adventure 25,675 Kuujo Jotaro
37%
Great Teacher Onizuka 31,415 Onizuka Eikichi
37%
Vinland Saga 25,324 Thorfinn
37%
Chainsaw Man 28,150 Makima
35%
Kaguya-sama: Love is War 25,743 Shinomiya Kaguya
34%
Violet Evergarden 35,099 Evergarden Violet
33%
Sword Art Online 29,280 Yuuki Asuna
33%
Jojo's Bizarre Adventure 40,702 Joestar Joseph
26%
Chainsaw Man 21,274 Power
26%
Re:Zero 44,867 Rem
25%
One Piece 20,447 Trafalgar Law
25%
Attaque des Titans 19,239 Zoé Hansi
23%
Darling in the FranXx 36,797 Zero Two
22%
Fate/stay Night 24,466 Toosaka Rin
21%
Gintama 73,273 Sakata Gintama
20%
Vinland Saga 26,202 Askeladd
19%
Full Metal Alchemist 36,901 Mustang Roy
19%
Re:Zero 19,230 Natsuki Subaru
19%
Moi quand je me réincarne en slime 22,421 Tempest Limule
19%
Black Butler 22,254 Michaelis Sebastian
16%
Re:Zero 50,171 Emilia
15%
My Dress-Up Darling 22,560 Kitagawa Marin
15%
Monster 25,202 Liebert Johan
15%
Bungou Stray Dogs 35,009 Dazai Osamu
14%
Rascal Does Not Dream of Bunny Girl Senpai 37,591 Sakurajima, Mai
14%
Neon Genesis Evangelion 19,201 Ikari Shinji
13%
Noragami 39,352 Yato
13%
The Quintessential Quintuplets 21,296 Nakano Miku
12%
Fate/stay Night 31,809 Saber
12%
Neon Genesis Evangelion 27,504 Souryuu Asuka Langley
12%
Code Geass 26,290 C. C.
11%
Mirai Nikki 29,019 Gasai Yuno
11%
Classroom of the Elite 34,377 Ayanokouji Kiyotaka
10%
Chounouryokusha Saiki Kusuo no Ψ-nan 0 22,464 Saiki Kusuo
10%
Cowboy Beepop 46,239 Spiegel Spike
10%
Kono Subarashii Sekai ni Bakuen wo! 40,545 Megumin
8%
Your Lie in April 24,728 Miyazono Kaori
8%
Hellsing 28,330 Alucard
7%
High School DxD 19,336 Gremory Rias
7%
Mob Psycho 100 24,613 Kageyama Shigeo
7%
Toradora 31,778 Aisaka Taiga
6%
Stein's Gate 64,849 Makisu Kurisu
6%
The Quintessential Quintuplets 26,144 Nakano Itsuki
6%
Black Lagoon 21,694 Revy
6%
Kono Subarashii Sekai ni Bakuen wo! 19,759 Sato Kazuma
6%
Kaguya-sama: Love is war 19,936 Fujiwara Chika
5%
Kaguya-sama: Love is war 21,756 Ishigami Yuu
5%
Stein's Gate 94,057 Okabe Rintaro
5%
Tengen Toppa Gurren Lagann 32,860 Kamina
4%
Maid Sama ! 19,107 Usui Takumi
4%
Spice & Wolf 27,490 Holo
3%
Monogatari 32,492 Oshino Shinobu
3%
My Teen Romantic Comedy is Wrong as I Expected 22,713 Yukinoshita Yukino
3%
Puella Magi Madoka★Magica 24,433 Akemi Homura
2%
My Teen Romantic Comedy is Wrong as I Expected 51,197 Hikigaya Hachiman
2%
Duraraa 23,444 Orihara Izaya
2%
Monogatari 28,682 Arasagi Koyomi
1%
Koten-bu Series 23,046 Oreki Hotaro
1%
Mob Psycho 100 36,261 Reigen Arataka
1%
Monogatari 40,171 Senjougahara Hitagi
1%
Love, Chunibyo & Other Delusions ! 19,021 Takanashi Rikka
0%
Date a Live 21,065 Tokisaki Kurimi
0%
Aucun quiz correspondant
Distribution des résultats
% des personnes avec chaque résultat
Percentile par nombre de réponses
Votre historique - résultats
Vous n’avez pas pris ce quiz